LEADER 01145nam a2200253 i 4500 001 000000236973 003 CaOOAMICUS 005 20150126000000.0 008 150126s2007 it u000 u mul u 013 $a215878 040 $aSeMil$bita 245 10$aPassio Sancti Fabii :$btesto critico con introduzione e traduzione italiana /$ca cura di Anna Maria Piredda. 260 $aSassari :$bGallizzi,$cstampa 2007. 300 $a142 p. ;$c24 cm. 490 0 $aQuaderni di Sandalion ;$v13 500 $aContiene : Bibliografia ; Abbreviazioni bibliografiche. 650 4$aFabio .$0(OLS)http://semarc/subject/42025 700 1 $aPiredda, Anna Maria.$0(OLS)http://semarc/name/80862 830 0$aQuaderni di Sandalion ;$v13.$0(OLS)http://semarc/title/19133 850 $aSeMil 852 $aSeMil$W1$xVenegono$y1$m3H V 306$j187319$B187319$CSeMilBibl$Z2$F199342 $81 961 $aOmaggio per recensione: Scuola Cattolica 996 $6245$aPassio Sancti Fabii :$btesto critico con introduzione e traduzione italiana$9(OLS)http://semarc/title/337695 996 $6260$aSassari :$bGallizzi$9(OLS)http://semarc/publisher/33899 LEADER 01093nam a2200265 i 4500 001 000000190462 003 CaOOAMICUS 005 20100616000000.0 008 100616s1986 fr u000 u fre u 013 $a168875 020 $a2-7010-1125-6 040 $aSeMil$bita 100 1 $aZwingli, Huldrych <1484-1531>.$0(OLS)http://semarc/name/14063 245 10$aDeux traités sur le credo /$cHuldrych Zwingli ; présentation par Jacques Courvoisier. 260 $aParis :$bBeauchesne,$ccopyr. 1986. 300 $a134 p. ;$c22 cm. 490 0 $aTextes, dossiers, documents ;$v10 700 1 $aCourvoisier, Jacques,$d<1900-1998>.$0(OLS)http://semarc/name/16132 830 0$aTextes, dossiers, documents ;$v10.$0(OLS)http://semarc/title/113 850 $aSeMil 852 $aSeMil$W1$xVenegono$y1$m2U I 192$j141081$B141081$CSeMilBibl$Z2$F152702 $81 961 $aOmaggio: Altro 996 $6020$a2-7010-1125-6$9(OLS)http://semarc/number/181383 996 $6245$aDeux traités sur le credo$9(OLS)http://semarc/title/274387 996 $6260$aParis :$bBeauchesne$9(OLS)http://semarc/publisher/29638